[Event "DLM 2010"]
[Site "Stuttgart GER"]
[Date "2010.11.20"]
[Round "6"]
[White "Walter, Kevin"]
[Black "Wiesner, Paula"]
[Result "1/2-1/2"]
[Termination "normal"]
[Board "2.7"]
[WhiteElo "1757"]
[BlackElo "1804"]
[WhiteTeam "Württemberg 1"]
[BlackTeam "Baden"]
[WhiteFideId "12906654"]
[BlackFideId "24654019"]
[EventCountry "GER"]
[EventRounds "7"]
[EventType "team-swiss"]
[EventDate "2010.11.16"]

1. e4 e6 2. d4 d5 3. Nd2 Nf6 4. e5 Nfd7 5. Bd3 c5 6. c3 Nc6 7. Ne2 cxd4 8. cxd4
f6 9. exf6 Nxf6 10. Nf3 Bd6 11. Bf4 Bxf4 12. Nxf4 Qd6 13. g3 Qb4+ 14. Qd2 Qxd2+
15. Kxd2 O-O 16. Rad1 Nh5 17. Ke3 Nxf4 18. gxf4 Bd7 19. Bb5 a6 20. Bxc6 Bxc6
21. Ne5 Bb5 22. Rc1 Rac8 23. b3 a5 24. a4 Ba6 25. Nd7 Rfd8 26. Nb6 Rxc1 27.
Rxc1 Rd6 28. Rc8+ Kf7 29. Rc7+ Ke8 30. Rc8+ Ke7 31. Rc7+ Ke8 32. Rc8+ Ke7 33.
Rc7+ Ke8 1/2-1/2

[Event "DLM 2010"]
[Site "Stuttgart GER"]
[Date "2010.11.20"]
[Round "6"]
[White "Reiß, Michael"]
[Black "Weber, Sandra"]
[Result "1/2-1/2"]
[Termination "normal"]
[Board "2.8"]
[WhiteElo "1617"]
[BlackElo "1511"]
[WhiteTeam "Baden"]
[BlackTeam "Württemberg 1"]
[BlackFideId "1270049"]
[EventCountry "GER"]
[EventRounds "7"]
[EventType "team-swiss"]
[EventDate "2010.11.16"]

1. e4 e5 2. Nf3 Nf6 3. Nxe5 d6 4. Nf3 Nxe4 5. Nc3 Nxc3 6. dxc3 Nc6 7. Be3 Be7
8. Qd2 a6 9. O-O-O Be6 10. Kb1 Qd7 11. Be2 f6 12. Nd4 Nxd4 13. cxd4 d5 14. h3
O-O-O 15. Rhf1 Bf5 16. g4 Bg6 17. f3 Kb8 18. Rde1 Qc6 19. Bg1 Qb6 20. Ka1 Bd6
21. Bd3 Bxd3 22. Qxd3 Qc6 23. c3 Qd7 24. Re2 g6 25. Rfe1 Rde8 26. Rxe8+ Rxe8
27. Rxe8+ Qxe8 28. Qe3 Qxe3 29. Bxe3 1/2-1/2

[Event "DLM 2010"]
[Site "Stuttgart GER"]
[Date "2010.11.20"]
[Round "6"]
[White "Lubbe, Nikolas"]
[Black "Colpe, Malte"]
[Result "1-0"]
[Termination "normal"]
[Board "3.1"]
[WhiteElo "2367"]
[BlackElo "2228"]
[WhiteTeam "Niedersachsen"]
[BlackTeam "Hamburg"]
[WhiteFideId "4694031"]
[BlackFideId "24623075"]
[EventCountry "GER"]
[EventRounds "7"]
[EventType "team-swiss"]
[EventDate "2010.11.16"]

1. e4 c5 2. Ne2 d6 3. Nbc3 Nf6 4. g3 Nc6 5. Bg2 g6 6. O-O Bg7 7. d3 O-O 8. h3
Ne8 9. f4 Nc7 10. f5 b5 11. g4 b4 12. Nd5 Nxd5 13. exd5 Nd4 14. Nxd4 Bxd4+ 15.
Kh1 Kg7 16. Qd2 gxf5 17. c3 bxc3 18. bxc3 Bf6 19. g5 Be5 20. d4 cxd4 21. cxd4
Bg3 22. Qd3 Bh4 23. Rf4 Be1 24. Be3 Bg3 25. Rxf5 Bxf5 26. Qxf5 Qa5 27. Rf1 Qxa2
28. Qg4 Rab8 29. Qxg3 Rb1 30. Bc1 Kh8 31. Qe3 Re8 32. Rxf7 Qc2 33. Rf1 Qc4 34.
g6 1-0

[Event "DLM 2010"]
[Site "Stuttgart GER"]
[Date "2010.11.20"]
[Round "6"]
[White "Grötzbach, Julian"]
[Black "Tennert, Simon"]
[Result "0-1"]
[Termination "normal"]
[Board "3.4"]
[WhiteElo "1879"]
[BlackElo "2025"]
[WhiteTeam "Hamburg"]
[BlackTeam "Niedersachsen"]
[WhiteFideId "24600938"]
[BlackFideId "1270445"]
[EventCountry "GER"]
[EventRounds "7"]
[EventType "team-swiss"]
[EventDate "2010.11.16"]

1. e4 e5 2. Nf3 Nc6 3. Bb5 a6 4. Ba4 Nf6 5. O-O Be7 6. Re1 b5 7. Bb3 O-O 8. h3
d6 9. c3 Na5 10. Bc2 c5 11. d4 Qc7 12. Nbd2 Re8 13. Nf1 Nc4 14. Ng3 g6 15. b3
Nb6 16. Bg5 a5 17. d5 c4 18. Re3 Kg7 19. Nf1 Qd8 20. Bxf6+ Bxf6 21. N1d2 Qc7
22. bxc4 bxc4 23. Re1 Bd7 24. Qe2 Rec8 25. Rab1 Bd8 26. Rb2 Qc5 27. g4 Ba4 28.
Reb1 Bxc2 29. Rxc2 Ra7 30. Nf1 Na4 31. Ne3 Rac7 32. Nd2 Qa7 33. Qd1 Bg5 34. Ng2
Nc5 35. Qe2 Bxd2 36. Rxd2 Nd3 37. Ne1 Nf4 38. Qf3 Qc5 39. Ng2 Nd3 40. Qd1 Qa3
41. Qc2 Qc5 42. Qa4 Qa7 43. Ne3 Nf4 44. Kh2 Rc5 45. Rdb2 Qe7 46. Qd1 Nd3 47.
Rc2 Qf6 48. Kg1 Qf4 49. Nxc4 Rxc4 50. Qxd3 Rxe4 51. Rb7 Rec4 52. Rd7 e4 53. Qd1
e3 54. Qe2 Rxc3 55. Rxc3 Rxc3 56. Qb2 exf2+ 57. Kf1 Qg3 58. Qxf2 Rf3 0-1

[Event "DLM 2010"]
[Site "Stuttgart GER"]
[Date "2010.11.20"]
[Round "6"]
[White "Grigorian, Spartak"]
[Black "Krüger, David"]
[Result "1-0"]
[Termination "normal"]
[Board "3.5"]
[WhiteElo "1835"]
[BlackElo "1696"]
[WhiteTeam "Niedersachsen"]
[BlackTeam "Hamburg"]
[WhiteFideId "24661490"]
[BlackFideId "12921858"]
[EventCountry "GER"]
[EventRounds "7"]
[EventType "team-swiss"]
[EventDate "2010.11.16"]

1. e4 e5 2. Nf3 Nc6 3. Bc4 Bc5 4. b4 Bxb4 5. c3 Ba5 6. O-O Nf6 7. d4 O-O 8. Ba3
d6 9. dxe5 Nxe4 10. Qc2 Nc5 11. Nbd2 Be6 12. Bxc5 dxc5 13. Bd3 h6 14. Rae1 Qe7
15. Re2 Rad8 16. Ne1 Bb6 17. Kh1 f6 18. exf6 Qxf6 19. Nef3 Kh8 20. Ne4 Qe7 21.
Ng3 Qf7 22. Nh4 Ne7 23. Rfe1 Rd6 24. Ne4 Rd7 25. Ng3 Rd6 26. Nf3 Rfd8 27. Ne5
Qg8 28. Ne4 c4 29. Bxc4 Bxc4 30. Nxd6 Rxd6 31. Nxc4 Qxc4 32. Rxe7 g5 33. Qh7#
1-0

[Event "DLM 2010"]
[Site "Stuttgart GER"]
[Date "2010.11.20"]
[Round "6"]
[White "Lemke, Berfîn"]
[Black "Düssler, Stefanie"]
[Result "0-1"]
[Termination "normal"]
[Board "3.6"]
[WhiteElo "1442"]
[BlackElo "1868"]
[WhiteTeam "Hamburg"]
[BlackTeam "Niedersachsen"]
[WhiteFideId "1270578"]
[BlackFideId "4634780"]
[EventCountry "GER"]
[EventRounds "7"]
[EventType "team-swiss"]
[EventDate "2010.11.16"]

1. e4 d5 2. exd5 Qxd5 3. Nc3 Qa5 4. d4 Bf5 5. Bc4 c6 6. Nf3 Nf6 7. Bd2 Qc7 8.
O-O Nbd7 9. Re1 e6 10. Ne5 Bd6 11. Qe2 Nb6 12. Bd3 Bxd3 13. Qxd3 O-O-O 14. Qe2
Rhg8 15. a4 Nbd5 16. Nxd5 Nxd5 17. c4 Nb4 18. Bxb4 Bxb4 19. Red1 Bd6 20. Nf3 g5
21. c5 Bf8 22. b4 Rd5 23. b5 Bg7 24. a5 g4 25. Ne1 Bxd4 26. b6 Qb8 27. bxa7
Qxa7 28. Ra2 Rgd8 29. Rb1 Bxc5 30. a6 b6 31. Qxg4 h5 32. Qe2 Kb8 33. g3 Qd7 34.
Nf3 f6 35. Qe4 Ka7 36. Kg2 Rg8 37. h4 Rg4 38. Qc2 e5 39. Nh2 Rg8 40. Nf3 Re8
41. Nd2 f5 42. Nc4 f4 43. Nd2 Rd4 44. Ne4 Qd5 45. f3 Rd3 46. Rf1 Rg8 47. Ng5
Be3 48. Ne4 Qd7 49. Qe2 Rd4 50. Kh2 Qe7 51. Qg2 fxg3+ 0-1

[Event "DLM 2010"]
[Site "Stuttgart GER"]
[Date "2010.11.20"]
[Round "6"]
[White "Manusina, Nicole"]
[Black "Hölzer, Jeanette"]
[Result "1-0"]
[Termination "normal"]
[Board "3.7"]
[WhiteElo "1751"]
[BlackElo "1371"]
[WhiteTeam "Niedersachsen"]
[BlackTeam "Hamburg"]
[WhiteFideId "24657514"]
[BlackFideId "12917982"]
[EventCountry "GER"]
[EventRounds "7"]
[EventType "team-swiss"]
[EventDate "2010.11.16"]

1. d4 Nf6 2. c4 g6 3. Nc3 Bg7 4. e4 d6 5. f3 O-O 6. Bg5 e5 7. dxe5 dxe5 8. Qxd8
Rxd8 9. Nd5 Nbd7 10. Rd1 Nxd5 11. Bxd8 Ne3 12. Rc1 Nxf1 13. Kxf1 c6 14. Bg5 Nc5
15. Be3 Nd3 16. Rd1 Nf4 17. Rd8+ Bf8 18. Bxf4 exf4 19. Nh3 Kg7 20. Nxf4 b6 21.
Ke2 Bb7 22. Rxa8 Bxa8 23. Rd1 a5 24. Rd7 h5 25. Ne6+ Kg8 26. Nxf8 Kxf8 27. Rd8+
1-0

[Event "DLM 2010"]
[Site "Stuttgart GER"]
[Date "2010.11.20"]
[Round "6"]
[White "Ludwig, Maria"]
[Black "Sieber, Fiona"]
[Result "0-1"]
[Termination "normal"]
[Board "3.8"]
[WhiteElo "1027"]
[BlackElo "1637"]
[WhiteTeam "Hamburg"]
[BlackTeam "Niedersachsen"]
[WhiteFideId "24655791"]
[BlackFideId "12902373"]
[EventCountry "GER"]
[EventRounds "7"]
[EventType "team-swiss"]
[EventDate "2010.11.16"]

1. e4 c5 2. Nf3 d6 3. Nc3 Nc6 4. Bb5 Bd7 5. Bxc6 Bxc6 6. O-O g6 7. d3 Bg7 8.
Be3 e6 9. d4 cxd4 10. Bxd4 Nf6 11. e5 Nh5 12. exd6 Bxf3 13. gxf3 Qxd6 14. Bxg7
Qxd1 15. Raxd1 Nxg7 16. Ne4 Ke7 17. Nc5 b6 18. Nd3 Rac8 19. Rd2 Nf5 20. Kg2
Rhd8 21. c3 Rd6 22. Rfd1 Rcd8 23. a4 Nh4+ 24. Kg3 g5 25. f4 Nf5+ 26. Kg4 gxf4
27. Kxf4 Rd5 28. b4 f6 29. b5 Rc8 30. Rc1 Rc4+ 31. Kf3 Rxa4 32. c4 Rd4 33. c5
bxc5 34. Rxc5 Rd7 35. Nb2 Ra3+ 36. Ke2 Nd4+ 37. Kd1 Ra1+ 38. Rc1 0-1

[Event "DLM 2010"]
[Site "Stuttgart GER"]
[Date "2010.11.20"]
[Round "6"]
[White "Seifert, Christopher"]
[Black "Wild, Achim"]
[Result "1-0"]
[Termination "normal"]
[Board "4.1"]
[WhiteElo "2217"]
[BlackElo "2089"]
[WhiteTeam "Hessen 2"]
[BlackTeam "Saarland"]
[WhiteFideId "24615293"]
[BlackFideId "4658728"]
[EventCountry "GER"]
[EventRounds "7"]
[EventType "team-swiss"]
[EventDate "2010.11.16"]

1. c4 e5 2. g3 d6 3. Bg2 g6 4. Nc3 Bg7 5. e3 f5 6. Nge2 Nf6 7. d3 O-O 8. O-O c6
9. Rb1 a5 10. a3 Be6 11. b4 axb4 12. axb4 Nbd7 13. Bd2 Qe8 14. Qc2 g5 15. f4 h6
16. b5 d5 17. bxc6 bxc6 18. cxd5 Nxd5 19. Rb7 exf4 20. exf4 Qe7 21. fxg5 hxg5
22. Nxd5 cxd5 23. Bb4 Qf6 24. Bxf8 Rxf8 25. d4 Qh6 26. Qc6 Re8 27. Bxd5 Bxd5
28. Qxd5+ Kh8 29. Rf2 Nf6 1-0

[Event "DLM 2010"]
[Site "Stuttgart GER"]
[Date "2010.11.20"]
[Round "6"]
[White "Müller, Denis"]
[Black "Will, Dominik"]
[Result "1-0"]
[Termination "normal"]
[Board "4.2"]
[WhiteElo "1959"]
[BlackElo "2023"]
[WhiteTeam "Saarland"]
[BlackTeam "Hessen 2"]
[WhiteFideId "4696140"]
[BlackFideId "4696557"]
[EventCountry "GER"]
[EventRounds "7"]
[EventType "team-swiss"]
[EventDate "2010.11.16"]

1. e4 c5 2. Nf3 d6 3. d4 cxd4 4. Nxd4 Nf6 5. Nc3 g6 6. Be3 Bg7 7. f3 Nc6 8. Bc4
O-O 9. Qd2 Bd7 10. O-O-O Rc8 11. Bb3 Ne5 12. h4 h5 13. Bg5 Rc5 14. g4 hxg4 15.
f4 Nc4 16. Qe2 Qc8 17. f5 Nxb2 18. Kxb2 Rxc3 19. fxg6 Qc5 20. gxf7+ Kh7 21. e5
dxe5 22. Bxf6 Bxf6 23. Qe4+ Kh8 24. Qg6 Rxf7 25. Bxf7 1-0

[Event "DLM 2010"]
[Site "Stuttgart GER"]
[Date "2010.11.20"]
[Round "6"]
[White "Galkin, Wladislaw"]
[Black "Frischmann, Rick"]
[Result "1/2-1/2"]
[Termination "normal"]
[Board "4.3"]
[WhiteElo "1924"]
[BlackElo "1906"]
[WhiteTeam "Hessen 2"]
[BlackTeam "Saarland"]
[WhiteFideId "4603192"]
[BlackFideId "24660752"]
[EventCountry "GER"]
[EventRounds "7"]
[EventType "team-swiss"]
[EventDate "2010.11.16"]

1. d4 d5 2. c4 c6 3. cxd5 cxd5 4. Nc3 Nf6 5. Bf4 e6 6. Nf3 Be7 7. e3 O-O 8. Bd3
a6 9. Qc2 b5 10. a3 Bb7 11. O-O Nbd7 12. Rac1 Rc8 13. b4 Ne4 14. Bxe4 dxe4 15.
Nd2 f5 16. Qa2 Qb6 17. Nb3 Nf6 18. Nc5 Bd5 19. Qb2 Rfd8 20. Bg5 h6 21. Bxf6
Bxf6 22. Nxd5 exd5 23. Rc3 f4 24. Qa2 Kh8 25. Rfc1 fxe3 26. fxe3 Bg5 27. Qe2
Rc7 28. Nxe4 Rxc3 29. Nxc3 Rc8 30. Qd3 Qe6 31. Re1 Qc6 32. Rf1 Bxe3+ 33. Qxe3
Qxc3 34. Re1 Rc4 35. Qe8+ Kh7 36. Qe6 Qxd4+ 37. Kh1 Qf2 38. Rg1 d4 39. Qe4+ Kg8
40. Qa8+ Kh7 41. Qe4+ Kg8 42. Qa8+ Qf8 43. Qxa6 Qf5 44. Qa8+ Kh7 45. Qf3 Qxf3
46. gxf3 Rc3 47. Rg4 d3 48. Kg2 Rxa3 49. Kf2 d2 50. Rd4 Rb3 51. Ke2 Rb2 52. h4
Kg6 53. Kd1 Kh5 54. Rf4 Rb1+ 55. Kxd2 Rh1 56. Ke3 Rxh4 57. Rf5+ g5 58. Rxb5 Rf4
59. Rb6 Kh4 60. Rxh6+ Kg3 61. b5 1/2-1/2

[Event "DLM 2010"]
[Site "Stuttgart GER"]
[Date "2010.11.20"]
[Round "6"]
[White "Holle, Cedric"]
[Black "Schmalhorst, Sophia"]
[Result "0-1"]
[Termination "normal"]
[Board "4.4"]
[WhiteElo "1780"]
[BlackElo "1850"]
[WhiteTeam "Saarland"]
[BlackTeam "Hessen 2"]
[WhiteFideId "24692158"]
[BlackFideId "24682497"]
[EventCountry "GER"]
[EventRounds "7"]
[EventType "team-swiss"]
[EventDate "2010.11.16"]

1. e4 e5 2. Nf3 Nc6 3. d4 exd4 4. Nxd4 Nf6 5. Nxc6 bxc6 6. e5 Qe7 7. Qe2 Nd5 8.
c4 Nb6 9. b3 Qe6 10. a3 a5 11. Bb2 g6 12. g3 Bg7 13. Nd2 O-O 14. Bg2 Ba6 15.
Ne4 Qe7 16. Bc3 a4 17. O-O axb3 18. Qd2 Nxc4 19. Nf6+ Kh8 20. Qf4 b2 21. Rab1
Qxa3 22. Ne4 d5 0-1

[Event "DLM 2010"]
[Site "Stuttgart GER"]
[Date "2010.11.20"]
[Round "6"]
[White "Baskin, Robert"]
[Black "Brühan, Caren"]
[Result "1-0"]
[Termination "normal"]
[Board "4.5"]
[WhiteElo "1870"]
[BlackElo "1683"]
[WhiteTeam "Hessen 2"]
[BlackTeam "Saarland"]
[WhiteFideId "24662402"]
[BlackFideId "24691976"]
[EventCountry "GER"]
[EventRounds "7"]
[EventType "team-swiss"]
[EventDate "2010.11.16"]

1. e4 c5 2. Nf3 Nc6 3. d4 cxd4 4. Nxd4 g6 5. Nc3 Bg7 6. Be3 Nf6 7. Nb3 O-O 8.
Be2 d6 9. O-O Be6 10. f4 Qc8 11. h3 Rd8 12. Bf3 Qd7 13. Nd5 Rac8 14. c3 Ne8 15.
Nd4 f5 16. Nxe6 Qxe6 17. exf5 gxf5 18. Qd2 Nf6 19. Rae1 Qf7 20. Bxa7 Re8 21.
Bb6 Kh8 22. Nc7 Rg8 23. Ne6 Rce8 24. Qc2 Qg6 25. Nc7 Rb8 26. Ne6 Bh6 27. b4 Nd7
28. Bc7 Rbe8 29. b5 Ncb8 30. Bxb7 Nf6 31. Bf3 Nh5 32. Bxh5 Qxh5 33. Bb6 Nd7 34.
Bd4+ Nf6 35. Kh2 Qg6 36. Qf2 Qf7 37. Qh4 Rg6 38. g4 fxg4 39. hxg4 Reg8 40. g5
Bxg5 41. fxg5 1-0

[Event "DLM 2010"]
[Site "Stuttgart GER"]
[Date "2010.11.20"]
[Round "6"]
[White "Alt, Elisabeth"]
[Black "Sancar, Alina"]
[Result "0-1"]
[Termination "normal"]
[Board "4.6"]
[WhiteElo "1386"]
[BlackElo "1793"]
[WhiteTeam "Saarland"]
[BlackTeam "Hessen 2"]
[WhiteFideId "24692620"]
[BlackFideId "4624750"]
[EventCountry "GER"]
[EventRounds "7"]
[EventType "team-swiss"]
[EventDate "2010.11.16"]

1. e4 c5 2. Nf3 Nc6 3. d4 cxd4 4. Nxd4 g6 5. c4 Bg7 6. Nc2 d6 7. Be2 Qb6 8. Nc3
Bxc3+ 9. bxc3 Nf6 10. f3 O-O 11. Be3 Qc7 12. O-O Ne5 13. Na3 a6 14. Rb1 Be6 15.
Rb4 b5 16. Nc2 Nxc4 17. Bf2 Ne5 18. Qa1 Rfc8 19. Be1 Qa7+ 20. Bf2 Qc7 21. Be1
Qc5+ 22. Kh1 Bc4 23. Nd4 Bxe2 24. Nxe2 Nd3 25. Rb3 Nxe1 26. Qxe1 Nd7 27. Nf4
Nb6 28. Nd3 Qc7 29. Qd2 Nc4 30. Qc1 Na5 31. Ra3 Qb6 32. Nb4 e6 33. Qe1 Rc7 34.
f4 Nc4 35. Rb3 Qe3 36. h3 Qxe1 37. Rxe1 Kf8 38. Re2 Ke8 39. Kg1 Kd8 40. Kf2 Kc8
41. g3 Kb7 42. Kf3 Rac8 43. Rc2 a5 44. Nd3 Ka6 45. Nf2 a4 46. Rb4 Na3 47. Rd2
Rxc3+ 48. Kg2 Nc4 49. Nd1 Nxd2 0-1

[Event "DLM 2010"]
[Site "Stuttgart GER"]
[Date "2010.11.20"]
[Round "6"]
[White "Brandl, Lea"]
[Black "Müller, Max"]
[Result "1/2-1/2"]
[Termination "normal"]
[Board "4.7"]
[WhiteElo "1542"]
[BlackElo "1298"]
[WhiteTeam "Hessen 2"]
[BlackTeam "Saarland"]
[WhiteFideId "24693049"]
[BlackFideId "12900486"]
[EventCountry "GER"]
[EventRounds "7"]
[EventType "team-swiss"]
[EventDate "2010.11.16"]

1. d4 d5 2. c4 e6 3. Nc3 c6 4. e3 f5 5. Nf3 Nf6 6. Be2 Bd6 7. O-O O-O 8. a3 Ne4
9. Qc2 Nd7 10. b4 Rf6 11. Bb2 Rh6 12. h3 g5 13. Nxe4 dxe4 14. Ne5 Qc7 15. Qc3
Nxe5 16. dxe5 Be7 17. c5 Bd7 18. Rfd1 Be8 19. Qb3 Bf8 20. Bc4 Qf7 21. Rd2 Bd7
22. Rad1 Rd8 23. Qa4 a6 24. Qa5 Be7 25. Rxd7 Rxd7 26. Rxd7 g4 27. Qc7 Kf8 28.
h4 Rxh4 29. g3 Rh6 30. Kf1 Qh5 31. Ke2 Qh1 32. Kd2 Rh2 33. Rxe7 Rxf2+ 34. Be2
Rxe2+ 35. Kxe2 Qf3+ 36. Kd2 Qf2+ 37. Kd1 Qf1+ 38. Kc2 Qe2+ 39. Kb3 Qd3+ 40. Ka2
Qc4+ 41. Kb1 Qd3+ 42. Ka2 1/2-1/2

[Event "DLM 2010"]
[Site "Stuttgart GER"]
[Date "2010.11.20"]
[Round "6"]
[White "Müller, Sophie"]
[Black "Liez, Franziska"]
[Result "1/2-1/2"]
[Termination "normal"]
[Board "4.8"]
[WhiteElo "1168"]
[BlackElo "1506"]
[WhiteTeam "Saarland"]
[BlackTeam "Hessen 2"]
[WhiteFideId "12926698"]
[BlackFideId "1271766"]
[EventCountry "GER"]
[EventRounds "7"]
[EventType "team-swiss"]
[EventDate "2010.11.16"]

1. d4 d5 2. c4 e6 3. Nc3 Nf6 4. e3 c6 5. Qb3 Nbd7 6. Nf3 Be7 7. Bd3 O-O 8. O-O
b6 9. Bd2 Qc7 10. Rac1 Bb7 11. cxd5 exd5 12. Nxd5 Nxd5 13. Qxd5 c5 14. Qb3 Bxf3
15. gxf3 Qc6 16. Be4 Qh6 17. Bxa8 Bd6 18. f4 Rxa8 19. Kh1 Nf6 20. f3 Nh5 21.
Rg1 cxd4 22. exd4 Nxf4 23. Bxf4 Qxf4 24. Rc2 Qxd4 25. Rgc1 g6 26. Rc8+ Rxc8 27.
Rxc8+ Kg7 28. Qc3 Qxc3 29. Rxc3 Bc5 30. a3 a5 31. Rd3 h5 32. Kg2 f5 33. Kh3 g5
34. Rd5 Kf6 35. Rd8 Ke5 36. Rh8 h4 37. Rh5 Kf4 38. Kg2 Be3 39. b3 Ke5 40. Rh8
Bc1 41. a4 Be3 42. Rc8 Kf4 43. h3 Bc5 1/2-1/2

[Event "DLM 2010"]
[Site "Stuttgart GER"]
[Date "2010.11.20"]
[Round "6"]
[White "Wenninger, Philipp"]
[Black "Weber, Max"]
[Result "1-0"]
[Termination "normal"]
[Board "5.1"]
[WhiteElo "2080"]
[BlackElo "2004"]
[WhiteTeam "Württemberg 2"]
[BlackTeam "Mecklenburg-Vorpommern"]
[WhiteFideId "4648404"]
[BlackFideId "4624831"]
[EventCountry "GER"]
[EventRounds "7"]
[EventType "team-swiss"]
[EventDate "2010.11.16"]

1. c4 Nf6 2. Nc3 d5 3. cxd5 Nxd5 4. g3 g6 5. Bg2 Nb6 6. Nf3 Bg7 7. d4 Nc6 8. e3
O-O 9. O-O Re8 10. b3 e5 11. Nxe5 Nxe5 12. dxe5 Bxe5 13. Bb2 c6 14. Qe2 Bf5 15.
e4 Be6 16. Rad1 Qf6 17. Qc2 Rad8 18. Kh1 Rxd1 19. Rxd1 Rd8 20. Rd2 Qe7 21. f4
Bg7 22. e5 Rxd2 23. Qxd2 Qd7 24. Qxd7 Nxd7 25. Ne4 Bd5 26. Nd6 Bxg2+ 27. Kxg2
b6 28. g4 Bf8 29. Nc8 a5 30. f5 gxf5 31. gxf5 Bb4 32. Bd4 Bc5 33. Bxc5 Nxc5 34.
Nxb6 Kf8 35. Nc4 a4 36. bxa4 Nxa4 37. Kf3 Ke7 38. a3 Nc3 39. Ke3 Kd7 40. Kd4
Nd5 41. a4 1-0

[Event "DLM 2010"]
[Site "Stuttgart GER"]
[Date "2010.11.20"]
[Round "6"]
[White "Lehmann, Ruben"]
[Black "Müller, Philipp"]
[Result "1-0"]
[Termination "normal"]
[Board "5.2"]
[WhiteElo "1892"]
[BlackElo "1992"]
[WhiteTeam "Mecklenburg-Vorpommern"]
[BlackTeam "Württemberg 2"]
[WhiteFideId "24671177"]
[BlackFideId "24683701"]
[EventCountry "GER"]
[EventRounds "7"]
[EventType "team-swiss"]
[EventDate "2010.11.16"]

1. d4 d5 2. c4 Nc6 3. Nf3 Bg4 4. e3 e6 5. Nbd2 Nf6 6. Be2 Be7 7. O-O O-O 8. b3
h6 9. Bb2 Re8 10. Ne5 Bf5 11. Ndf3 Nxe5 12. Nxe5 Nd7 13. cxd5 Nxe5 14. dxe6 Ng6
15. exf7+ Kxf7 16. Bc4+ Kf8 17. Qh5 Be4 18. f3 Bc2 19. Rac1 Bg5 20. Rxc2 Bxe3+
21. Kh1 Qf6 22. Ba3+ Ne7 23. Qd5 c5 24. Bxc5 1-0

[Event "DLM 2010"]
[Site "Stuttgart GER"]
[Date "2010.11.20"]
[Round "6"]
[White "Zimmermann, Ulrich"]
[Black "Schreiber, Kevin"]
[Result "1/2-1/2"]
[Termination "normal"]
[Board "5.3"]
[WhiteElo "2055"]
[BlackElo "1755"]
[WhiteTeam "Württemberg 2"]
[BlackTeam "Mecklenburg-Vorpommern"]
[WhiteFideId "24654523"]
[BlackFideId "24655830"]
[EventCountry "GER"]
[EventRounds "7"]
[EventType "team-swiss"]
[EventDate "2010.11.16"]

1. e4 c5 2. Nf3 e6 3. d4 cxd4 4. Nxd4 Nc6 5. Nc3 Qc7 6. g3 a6 7. Bg2 Nf6 8. O-O
Be7 9. Re1 d6 10. Nxc6 bxc6 11. Na4 e5 12. c4 c5 13. Nc3 Be6 14. b3 O-O 15. h3
Nd7 16. Bb2 Nb8 17. f4 f6 18. f5 Bf7 19. Nd5 Qa7 20. Qd2 Nc6 21. g4 Nd4 22.
Bxd4 cxd4 23. Bf1 Bxd5 24. exd5 a5 25. Bd3 Rfb8 26. Kg2 Qc5 27. Reb1 Qb4 28.
Qd1 Qa3 29. Qd2 Bd8 30. h4 Bb6 31. g5 Bd8 32. Kf3 Qb4 33. Qxb4 axb4 34. g6 h6
35. Rb2 Bb6 36. Re1 Bc5 37. Bb1 Ra3 38. Ke4 Kf8 39. Rg2 Ke7 40. Ree2 Kd8 41.
Rg3 Kc7 42. Kd3 Kb6 43. Ke4 1/2-1/2

[Event "DLM 2010"]
[Site "Stuttgart GER"]
[Date "2010.11.20"]
[Round "6"]
[White "Valet, Alexander"]
[Black "Stitterich, Nadine"]
[Result "0-1"]
[Termination "normal"]
[Board "5.4"]
[WhiteElo "1926"]
[BlackElo "2000"]
[WhiteTeam "Mecklenburg-Vorpommern"]
[BlackTeam "Württemberg 2"]
[WhiteFideId "24682560"]
[BlackFideId "24676527"]
[EventCountry "GER"]
[EventRounds "7"]
[EventType "team-swiss"]
[EventDate "2010.11.16"]

1. e4 c5 2. Nc3 Nc6 3. d3 g6 4. g3 Bg7 5. Bg2 e6 6. f4 d6 7. Nf3 Nge7 8. O-O
O-O 9. Be3 Rb8 10. Qd2 b5 11. Rab1 b4 12. Ne2 Ba6 13. Rfd1 Qb6 14. Bh1 Nd4 15.
Bg2 Nec6 16. Kh1 f5 17. Ng5 Rfe8 18. Re1 h6 19. Nh3 Rbc8 20. Bxd4 cxd4 21. c3
bxc3 22. bxc3 Qa5 23. e5 dxe5 24. fxe5 dxc3 25. Nxc3 Nxe5 26. Ne4 Qxd2 27. Nxd2
Bxd3 0-1

[Event "DLM 2010"]
[Site "Stuttgart GER"]
[Date "2010.11.20"]
[Round "6"]
[White "Schmekel, Florian"]
[Black "Zeller, Elisa"]
[Result "0-1"]
[Termination "normal"]
[Board "5.6"]
[WhiteElo "1561"]
[BlackElo "1770"]
[WhiteTeam "Mecklenburg-Vorpommern"]
[BlackTeam "Württemberg 2"]
[WhiteFideId "12913456"]
[BlackFideId "24662410"]
[EventCountry "GER"]
[EventRounds "7"]
[EventType "team-swiss"]
[EventDate "2010.11.16"]

1. d4 d5 2. c4 e6 3. Nc3 Nf6 4. Bg5 Be7 5. e3 c6 6. cxd5 exd5 7. Bd3 O-O 8.
Nge2 Nbd7 9. O-O Ne4 10. Bxe7 Qxe7 11. Qc2 Ndf6 12. Rfe1 h6 13. f3 Ng5 14. Ng3
Qd8 15. Qf2 Re8 16. Rad1 b6 17. e4 dxe4 18. fxe4 Ng4 19. Qc2 Qxd4+ 20. Kf1
Nxh2+ 21. Ke2 Bg4+ 22. Kd2 Bxd1 23. Kxd1 Rad8 24. Ke2 Ng4 25. Nd1 Ne5 26. Nf2
Nxd3 27. Nxd3 Nxe4 0-1

[Event "DLM 2010"]
[Site "Stuttgart GER"]
[Date "2010.11.20"]
[Round "6"]
[White "Hupfer, Garlef"]
[Black "Schumann, Rabea"]
[Result "1/2-1/2"]
[Termination "normal"]
[Board "5.7"]
[WhiteElo "1677"]
[BlackElo "1128"]
[WhiteTeam "Württemberg 2"]
[BlackTeam "Mecklenburg-Vorpommern"]
[WhiteFideId "12906662"]
[BlackFideId "12918199"]
[EventCountry "GER"]
[EventRounds "7"]
[EventType "team-swiss"]
[EventDate "2010.11.16"]

1. e4 e5 2. Nc3 Nf6 3. f4 Nc6 4. Nf3 d6 5. Bb5 exf4 6. d4 d5 7. e5 Ne4 8. Bxf4
Bb4 9. Bd2 Nxc3 10. Bxc3 Bxc3+ 11. bxc3 a6 12. Bxc6+ bxc6 13. O-O O-O 14. Rf2
f6 15. Qd2 Qe7 16. Raf1 Bg4 17. Qe3 Rae8 18. h3 Bxf3 19. Rxf3 fxe5 20. Rxf8+
Rxf8 21. Rxf8+ Qxf8 22. dxe5 Qf5 23. Qe2 a5 24. g4 Qg5 25. e6 Qe7 26. Kg2 Kf8
27. Qe5 Qf6 28. Qf5 Qxf5 29. gxf5 Ke7 30. Kf3 Kf6 31. Kf4 g6 32. e7 Kxe7 33.
Ke5 gxf5 34. Kxf5 Kf7 35. Kg5 Kg7 36. h4 h6+ 37. Kf5 Kf7 38. h5 Ke7 39. Kg6 Ke6
40. Kxh6 Kf6 41. Kh7 Kf7 42. h6 a4 43. a3 1/2-1/2

[Event "DLM 2010"]
[Site "Stuttgart GER"]
[Date "2010.11.20"]
[Round "6"]
[White "Sadewasser, Lucie"]
[Black "Gaßmann, Linda"]
[Result "0-1"]
[Termination "normal"]
[Board "5.8"]
[WhiteElo "1279"]
[BlackElo "1821"]
[WhiteTeam "Mecklenburg-Vorpommern"]
[BlackTeam "Württemberg 2"]
[WhiteFideId "12905445"]
[BlackFideId "12900451"]
[EventCountry "GER"]
[EventRounds "7"]
[EventType "team-swiss"]
[EventDate "2010.11.16"]

1. e4 e5 2. Nf3 Nc6 3. Nc3 Nf6 4. d4 exd4 5. Nxd4 Bb4 6. Nxc6 bxc6 7. Bd3 h6 8.
O-O O-O 9. Qf3 d5 10. Bxh6 gxh6 11. Qg3+ Kh8 12. Qf4 Ng8 13. exd5 Bd6 14. Qe4
Nf6 15. Qe3 Ng8 16. Qe4 Nf6 17. Qe3 Bxh2+ 18. Kh1 Ng4 19. Qe2 Qh4 20. Qf3 Bg3+
0-1